Christ plays in ten thousand places : (Record no. 37231)

MARC details
000 -LEADER
fixed length control field 01089cam a22002534a 4500
001 - CONTROL NUMBER
control field 13722234
005 - DATE AND TIME OF LATEST TRANSACTION
control field 20050803174558.0
008 - FIXED-LENGTH DATA ELEMENTS--GENERAL INFORMATION
fixed length control field 040916s2005 miu b 001 0 eng
010 ## - LIBRARY OF CONGRESS CONTROL NUMBER
LC control number 2004056360
020 ## - INTERNATIONAL STANDARD BOOK NUMBER
International Standard Book Number 0802828752 (alk. paper)
040 ## - CATALOGING SOURCE
Original cataloging agency DLC
Transcribing agency DLC
Modifying agency DLC
042 ## - AUTHENTICATION CODE
Authentication code pcc
050 00 - LIBRARY OF CONGRESS CALL NUMBER
Classification number BV4501.3
Item number .P47 2005
100 1# - MAIN ENTRY--PERSONAL NAME
Personal name Peterson, Eugene H.,
Dates associated with a name 1932-
245 10 - TITLE STATEMENT
Title Christ plays in ten thousand places :
Remainder of title a conversation in spiritual theology /
Statement of responsibility, etc Eugene H. Peterson.
260 ## - PUBLICATION, DISTRIBUTION, ETC. (IMPRINT)
Place of publication, distribution, etc Grand Rapids, Mich. :
Name of publisher, distributor, etc W.B. Eerdmans,
Date of publication, distribution, etc c2005.
300 ## - PHYSICAL DESCRIPTION
Extent xii, 368 p. ;
Dimensions 24 cm.
504 ## - BIBLIOGRAPHY, ETC. NOTE
Bibliography, etc Includes bibliographical references (p. 343-353) and indexes.
650 #0 - SUBJECT ADDED ENTRY--TOPICAL TERM
Topical term or geographic name as entry element Spiritual life
General subdivision Presbyterian Church.
906 ## - LOCAL DATA ELEMENT F, LDF (RLIN)
a 7
b cbc
c orignew
d 1
e ocip
f 20
g y-gencatlg
942 ## - ADDED ENTRY ELEMENTS (KOHA)
Source of classification or shelving scheme Library of Congress Classification
Item type Book
Holdings
Withdrawn status Lost status Source of classification or shelving scheme Damaged status Not for loan Collection code Home library Current library Shelving location Date acquired Source of acquisition Total Checkouts Full call number Barcode Copy number Price effective from Koha item type
    Library of Congress Classification     Non-fiction Bishop Okullu Memorial Library (Limuru Campus) Bishop Okullu Memorial Library (Limuru Campus) General Circulation 06/09/2010 Donation   BV4501.3 .P47 2005 021252 1 06/09/2010 Book